00380nam a22001097a 4500020001800000082001300018100001500031245010200046260004200148300002100190880005900211 a9787100104845 a300bGUO aSu, Guoxun aRationalization and Its Limits: An Introduction to Weber's Thought (Chinese Edition) /cGuoxun Su aChina :bThe Commercial Press,c2016. a420 p. ;c24 cm. 6245-02\ra理性化及其限制 : 韋伯思想引論 /